Famous Female Scientists - Statistics

General Stats
  • This quiz has been taken 60 times
    51 since last reset
  • The average score is 6 of 16
Answer Stats
Hint Answer % Correct
Discovered chemical elements such as polonium Marie Curie
93%
Studied and cared for chimpanzees in Tanzania Jane Goodall
79%
Developed what is often considered the first computer program Ada Lovelace
69%
Helped to discover the structure of DNA Rosalind Franklin
57%
Became the first American woman to fly in space Sally Ride
48%
Exposed the harmful effects of pesticides like DDT Rachel Carson
43%
Became the first woman to fly in space; from the Soviet Union Valentina Tereshkova
38%
Developed radio guidance system during WW2; she was also an actress Hedy Lamarr
31%
Calculated orbits for space flights at NASA Katherine Johnson
31%
Helped to discover nuclear fission and the element protactinium Lise Meitner
31%
Discovered fossils in England, contributing to paleontology Mary Anning
19%
Became the first female doctor in the US Elizabeth Blackwell
14%
Studied meiosis and gene transposition in maize plants Barbara McClintock
10%
Co-discovered the role of CRISPR Cas9 in gene editing Jennifer Doudna
10%
Worked as experimental physicist and contributed to Manhattan Project Chien-Shiung Wu
7%
Co-discovered the role of CRISPR Cas9 in gene editing Emmanuelle Charpentier
5%
No matching quizzes found
Score Distribution
Percent of People with Each Score
Percentile by Number Answered
Your Score History
You have not taken this quiz since the last reset